vufinder Bibliothèque Municipale de Charleval de Provence
Se connecter
« Retourner aux résultats de recherche

train des enfants (Le)

Book Cover
Auteur principal: Viola Ardone Auteur du texte
D'autres auteurs: Laura Brignon Traducteur
Support: Livres
Langue: Francais
Publié: 2021 Albin Michel Paris
Genre: Roman
Sujets:
Étiquettes: Ajouter
Pas de Tags !

LEADER 01574nam0a2200205 450
001 16836467
010 |a 978-2-226-44201-7  |b br.  |d 19,9 € 
100 |a 20210112d2021 u u0frey01 ba 
101 1 |a fre  |c ita 
102 |a FR 
200 0 |a train des enfants (Le)  |f Viola Ardone  |g trad. Laura Brignon 
207 1 |a   
210 |a Paris  |b 22 Rue Huyghens.  |c Albin Michel  |d 2021 
215 |a 1 vol. (304 p.)  |d 21 cm 
330 |a Naples, 1946. Amerigo quitte son quartier pour monter dans un train. Avec des milliers d'autres enfants du Sud, il traversera toute la péninsule et passera quelques mois dans une famille du Nord : une initiative du parti communiste vouée à arracher les plus jeunes à la misère après le dernier conflit mondial. Loin de ses repères, de sa mère Antonietta et des ruelles de Naples, Amerigo découvre une autre vie. Déchiré entre l'amour maternel et sa famille d'adoption, quel chemin choisira-t-il ? S'inspirant de faits historiques, Viola Ardone raconte l'histoire poignante d'un amour manquée entre un fils et sa mère. Immense succès en Italie et en cours de traduction dans 29 pays, ce roman remarquable révèle une auteure d'exception. « Le Train des enfants est une histoire qu'il fallait absolument raconter, et Viola Ardone le fait avec passion et maestria. » Il Corriere della Sera 
700 0 |a Ardone  |b Viola  |c Auteur du texte  |4 70 
702 0 |a Brignon  |b Laura  |c Traducteur  |f 1986-....  |4 730 
900 |a Roman 
901 |a Accessible au prêt 
995 |a Bibliothèque  |c Bibliothèque  |f 024021296  |h 024021296  |k R ARD  |o p  |q a  |r az  |e Bibliothèque 

Options de recherche

Historique de recherche
Recherche avancée

Trouver plus

Nouveautés

Besoin d'aide ?

Contacter un bibliothécaire